000 01696cam a22003375a 4500
001 L144565
002 17310
008 080729s2008 xxk f 001 0 eng d
020 _a9781405177894
035 _a(Sirsi) u144565
041 0 _aeng
050 0 4 _a692.8 $2 18
100 1 _aChappell, David
245 0 0 _aStandard letters for building contractors
_h[electronic resource]
250 _a4th ed.
260 _aOxford
_bBlackwell Publishing
_c2008
300 _aeBook
350 _a57.50
520 _aThis revised fourth edition provides a set of over 300 standard letters for use with the standard forms of building contracts and sub-contracts. Aims to cover the common situations likely to be encountered during the lifetime of a contract including: tendering; contract documents; insurance and other project planning topics; operations on site; payment, extensions of time; loss and/or expense; determination, arbitration, adjudication and completion; and sub-contractors. Includes the 2005 set of JCT contrats, changes in case law and the Construction (Design & Management) Regulations 2007. These letters are to be used with JCT Contracts.
520 _aAccompanied by a CD-ROM (L144565) which is not available for loan.
521 _aAdvanced
590 _aKA
650 2 4 _aJCT STANDARD FORMS OF BUILDING CONTRACT
650 2 4 _aEBOOK
650 2 4 _aCONSTRUCTION (DESIGN AND MANAGEMENT) REGULATIONS 2007
651 4 _aUnited Kingdom
_y
690 _aBUILDING AND CONSTRUCTION-MANAGEMENT
690 _aBUILT ENVIRONMENT-BUILDING CONTRACT FORMS
856 4 8 _uhttps://www.vlebooks.com/
_zView on VLEbooks. Logins for members only from [email protected]
942 _n0
999 _c108545
_d108545